000 00510nam a2200169 i 4500
001 64299
003 ES-MaACL
005 20230906165109.0
007 t|
008 031223s1969 sp ||||1| spa d
080 _a821.134.2-14"19"
100 1 _aFlores Horrillo, Pedro.
_951286
245 1 0 _aHombre y mujer :
_bproblema eterno (elegía y madrigales) /
_cPedro Flores Horrillo.
260 _aMálaga :
_b[s.n.],
_c1969 (
_fLit. Metacrom)
300 _a44 p. :
_bil. ;
_c23 cm.
852 4 _aES-MaACL
_j2070-F-20
999 _c64299
_d64299